| 000 | 00474nam a22001697a 4500 | ||
|---|---|---|---|
| 003 | NUST | ||
| 038 | _aa | ||
| 082 | _aBEE-5 | ||
| 100 |
_a Alamgir _993416 |
||
| 245 | _aVehicle tracking system | ||
| 260 |
_aIslamabad _bNUST School of Electrical Engineering and Computer Science _c2013 |
||
| 300 |
_a 34p. : _eCD-ROM |
||
| 500 | _a Supervisor: Dr. Tauseef Tauqeer | ||
| 563 | _aa | ||
| 856 | _uhttp://10.250.8.41:8080/xmlui/handle/123456789/21590 | ||
| 942 |
_cTHE _2ddc |
||
| 999 |
_c12728 _d12728 |
||